| 000 | 00334nam a22001337a 4500 | ||
|---|---|---|---|
| 020 | _a81-86791-39-6 | ||
| 082 | _a001.42 ALE | ||
| 100 | _aAleaz, P.K. | ||
| 245 | _aA Christian Response to the Hindu Philosophical systems | ||
| 260 |
_aKolkata _bPunthi Pustak _c2003 |
||
| 300 | _a344 | ||
| 650 | _aResearch-Methodology | ||
| 942 | _cBK | ||
| 999 |
_c20177 _d20177 |
||